|
|
|
|
| LEADER |
00000nab a2200000 ar4500 |
| 001 |
vtls009473702 |
| 003 |
SK-MaSNL |
| 005 |
20260303203846.0 |
| 008 |
090217c2009 xo wr|p|||||||000 b|slo |
| 038 |
|
|
|a PPPK
|
| 040 |
|
|
|a PPPKCL
|b slo
|c PPPKCL
|e AACR2
|
| 041 |
0 |
|
|a slo
|
| 044 |
|
|
|a xo
|c SK
|
| 080 |
|
|
|a 685.659.32
|2 2001
|
| 080 |
|
|
|a 69.059.6
|2 2001
|
| 245 |
0 |
0 |
|a Koniec skokanského športu v T. Lomnici
|c [autor] (bšl) ; snímka Tomáš Matušek
|
| 300 |
|
|
|b Fotogr.
|
| 610 |
2 |
7 |
|a TJ Vysoké Tatry
|2 pppkcl
|9 1109125
|
| 648 |
|
7 |
|a 2008
|2 pppkcl
|9 317238
|
| 650 |
0 |
7 |
|a Zariadenia pre lyžovanie
|2 pppkcl
|9 1236878
|
| 650 |
0 |
7 |
|a skokanské mostíky
|2 pppkcl
|9 119724
|
| 650 |
0 |
7 |
|a asanácia
|2 pppkcl
|9 22100
|
| 651 |
|
7 |
|a Tatranská Lomnica (Vysoké Tatry, Slovensko)
|2 SNKPHgeo
|9 160914
|
| 651 |
|
7 |
|a Vysoké Tatry (Poľsko a Slovensko : pohorie)
|2 pppkcl
|9 67729
|
| 700 |
1 |
|
|a Matušek, Tomáš
|4 pht
|4 aut
|9 1236879
|
| 773 |
0 |
|
|t Podtatranské noviny
|g Roč. IL, č. 45 (2008), s. 7
|
| 852 |
|
|
|a PPPK
|b KIS3GCP
|
| 999 |
|
|
|c 2187421
|d 2189351
|